000 00620nam a22001817a 4500
005 20240708124404.0
010 _aENG-140800
020 _a9789394915459
_c980.00
035 _aEN-124332
037 _bDBAD
082 _a341.23
100 _aSharma, Sitaram
_968208
245 _aUnited Nations A Journey from Hope to Despair:
_bAn Anthology of Speeches And Articles/
_c by Sitaram Sharma
260 _aNew Delhi
_bKW Publishers
_c2024
270 _a4676/21, First Floor, Ansari Road, Daryaganj
_bNew Delhi
_e110002
_k01143528107
300 _axii, 167p.
_c23cm(hb)
942 _2ddc
_cEN
_h341.23
_mSHA
999 _c203995
_d203995